Представление документа в формате RUSMARC

ПолеНазваниеЗначение
  Тип записи a
  Библиографический уровень m
001 Контрольный номер RU/ГПНТБ России/KNIGADB/63.3(2)622,13/Д 53-347157967
005 Дата корректировки 20260618091239.6
010 Индекс ISBN __
a ISBN 978-5-9078752-1-0
b Уточнения в пер.
b Уточнения РуДа
010 Индекс ISBN __
a ISBN 978-5-7931-0761-7
b Уточнения Корона принт
9 Тираж 1200 экз.
100 Данные общей обработки __
a Данные общей обработки 20260617d2025 ma y0rusy028902 ca
101 Язык документа 0_
a Язык текста rus
102 Страна публикации __
a Страна публикации RU
105 Кодированные данные (монография) __
a Кодированные данные (монография) acabz 000yy
181 Поле кодированных данных: вид содержания _0
a Код вида содержания (ISBD) i
182 Поле кодированных данных: тип средства _0
a Код типа средства (ISBD) n
200 Заглавие и сведения об ответственности 1_
a Заглавие Великая Отечественная. Год за годом. Шаг за шагом. Год 1944-й. Вперед на запад
f Первые сведения об ответственности В. К. Дмитриев
203 Вид содержания и тип средства __
c Тип средства непосредственный
a Вид содержания Текст
210 Выходные данные 1_
a Место издания Москва
c Издательство РуДа
a Место издания Санкт-Петербург
c Издательство Корона принт
d Дата издания 2025
215 Физическое описание __
a Объем 197, [3] с.
c Иллюстрации/тип воспроизводства цв. ил., портр., фот. цв., карты
d Формат 30 см
320 Библиография __
a Библиография Библиография в конце книги
330 Аннотация __
a Аннотация Короткие рассказы, представленные в книге, посвящены событиям 1944 года. В этом году в результате победных наступательных операций Красная армия отбросила немецко-фашистских захватчиков за пределы СССР и начала освобождение Европы. Атмосферу тех героических дней помогает воссоздать большое количество фотографий военного времени, которые не оставят равнодушными ни детей, ни взрослых. Для детей среднего и старшего школьного возраста, а также для всех, кого волнует история родной страны.
333 Примечание о целевом назначении __
a Примечание о целевом назначении 12+. Для детей старше 12 лет
517 Другие варианты заглавия 1_
a Другие варианты заглавия Год за годом
517 Другие варианты заглавия 1_
a Другие варианты заглавия Шаг за шагом
517 Другие варианты заглавия 1_
a Другие варианты заглавия Год 1944-й
517 Другие варианты заглавия 1_
a Другие варианты заглавия Вперёд на запад
606 Тематические рубрики __
2 Код системы nlr_sh
a Основная рубрика История
606 Тематические рубрики __
2 Код системы nlr_sh
a Основная рубрика История России и СССР (октябрь 1917 - 1991 г.)
y Географическая подрубрика СССР
y Географическая подрубрика Союз Советских Социалистических Республик
z Хронологическая подрубрика 1944 г.
z Хронологическая подрубрика 20 в.
610 Ключевые слова 0_
a Ключевые слова войны
610 Ключевые слова 0_
a Ключевые слова Великая Отечественная война
610 Ключевые слова 0_
a Ключевые слова освобождение Крыма
610 Ключевые слова 0_
a Ключевые слова освобождение Одессы
610 Ключевые слова 0_
a Ключевые слова Багратион (операция)
610 Ключевые слова 0_
a Ключевые слова освобождение Европы
610 Ключевые слова 0_
a Ключевые слова освобождение Западной Украины
686 Индексы других классификаций __
2 Код системы rubbks
a Классификационный индекс 63.3(2)622,13
700 Автор _1
a Фамилия Дмитриев
b Имя В. К.
g Полное личное имя Владимир Карлович
4 Код отношения 070
801 Источник записи _0
b Организация ГПНТБ России
a Страна RU
c Дата составления 20260617
g Правила каталогизации PSBO
801 Источник записи _1
b Организация ГПНТБ России
a Страна RU
c Дата составления 20260617
g Правила каталогизации PSBO
852 Данные о местонахождении 5_
j Шифр хранения 63.3(2)622,13
901 Тип документа __
a Ответственный КиК/Котельникова
t Тип документа m
901 Тип документа __
a Ответственный без партии
903 Характеристики (МАРС) __
a Дата передачи 20260617
c Наименование библиотеки (МАРС) Муниципальное бюджетное учреждение культуры "Централизованная библиотечная система" г. Сургут (Центральная городская библиотека им. А. С. Пушкина)
969 Тип издания __
a Тип издания историческая литература
a Тип издания Ф 26